Poukázanie podielu zaplatenej dane rodičom

Prvýkrát v roku 2026 môže daňovník – fyzická osoba poukázať podiel zaplatenej dane aj rodičovi alebo rodičom. Možnosť poukázania podielu zaplatenej dane vybranému prijímateľovi – neziskovému subjektu zostáva zachovaná. Uvedená novinka si vyžiadala úpravy v tlačivách daňových priznaní a samostatných...

Descripción completa

Guardado en:
Detalles Bibliográficos
Autor principal: Valterová, Ivana
Formato: Capítulo de libro
Lenguaje:eslovaco
Materias:
Etiquetas: Agregar Etiqueta
Sin Etiquetas, Sea el primero en etiquetar este registro!

MARC

LEADER 00000naa a2200000 4500
001 0315240
005 20260303130110.1
041 0 |a slo 
044 |a SK 
245 1 0 |a Poukázanie podielu zaplatenej dane rodičom  |c Ivana Valterová 
520 |a Prvýkrát v roku 2026 môže daňovník – fyzická osoba poukázať podiel zaplatenej dane aj rodičovi alebo rodičom. Možnosť poukázania podielu zaplatenej dane vybranému prijímateľovi – neziskovému subjektu zostáva zachovaná. Uvedená novinka si vyžiadala úpravy v tlačivách daňových priznaní a samostatných vyhlásení predkladaných zamestnancami s vykonaným ročným zúčtovaním. 
610 2 0 |a daňovníci 
610 2 0 |a zamestnanci 
610 2 0 |a dane z príjmov 
610 2 0 |a priznania daňové 
610 2 0 |a osoby fyzické 
610 2 0 |a zúčtovanie 
610 2 0 |a tlačivá 
610 2 0 |a zákony 
100 1 |a Valterová, Ivana